Cơ sở sinh thái học = Fundamentals of ecology

שמור ב:
מידע ביבליוגרפי
מחבר ראשי: Odum, E. P.
פורמט: ספר
שפה:Undetermined
יצא לאור: Hà Nội ĐH và THCN 1979
נושאים:
תגים: הוספת תג
אין תגיות, היה/י הראשונ/ה לתייג את הרשומה!
Thư viện lưu trữ: Trung tâm Học liệu Trường Đại học Cần Thơ
LEADER 00490nam a2200181Ia 4500
001 CTU_7937
008 210402s9999 xx 000 0 und d
082 |a 574.5 
082 |b O.22/T.2 
100 |a Odum, E. P. 
245 0 |a Cơ sở sinh thái học = 
245 0 |b Fundamentals of ecology 
245 0 |c E. P. Odum ; Võ Quí 
260 |a Hà Nội 
260 |b ĐH và THCN 
260 |c 1979 
650 |a Ecology 
980 |a Trung tâm Học liệu Trường Đại học Cần Thơ